000
00298nam a22001337a 4500
008
170307b xxu||||| |||| 00| 0 eng d
020
_a
2900805355177
041
_a
eng
080
_2
8TH
_a
611
100
_a
6
101
_a
SHM
245
_a
HUMAN ANATOMY& PHYSIOLOGY
_c
MARIEB, E.N
942
_2
udc
_c
BK
999
_c
6971
_d
6971